00417nam a2200133Ia 450000500170000000800410001702000140005808200130007224500430008526000790012830000230020750000300023070000230026020250307002903.0240331s9999 xx 000 0 und d a700700285 bDUTa954 4aThe Dutch power in Ceylon :b1602-1670 a London & New yorkbCurzon press Ltd & Harper and Row publishers Incc1973 aXI, 292 p .,  aCeylon the portuguese Era aPieris, P.E. eedt